01613nam a2200337 a 4500001001200000003000800012006001900020007001500039008004100054010001700095020001500112040002100127035002000148050002500168082002300193245027100216260005300487300003000540500010500570504004100675533015200716650006000868650004800928650004300976655002901019700004201048700002301090710001701113856012601130999001901256ebr10054985CaPaEBRm u cr cn|||||||||960815s1996 dcuab sb 100 0 eng  z 96069773  z0309055768 aCaPaEBRcCaPaEBR a(OCoLC)4232913114aQH77.E92bB56 1996eb04a333.95/16/094722100aBiodiversity conservation in transboundary protected areash[electronic resource] :bproceedings of an international workshop, Bieszczady and Tatra National Parks, Poland, May 15-25, 1994 /cedited by Alicja Breymeyer, Reginald Noble with Stephen Deets ... [et al.]. aWashington, DC :bNational Academy Press,c1996. avi, 279 p. :bill., maps. a"Office for Central Europe and Eurasia, Office of International Affairs, National Research Council." aIncludes bibliographical references. aElectronic reproduction.bPalo Alto, Calif. :cebrary,d2013.nAvailable via World Wide Web.nAccess may be limited to ebrary affiliated libraries. 0aBiodiversity conservationzEurope, EasternvCongresses. 0aNatural areaszEurope, EasternvCongresses. 0aBiodiversity conservationvCongresses. 7aElectronic books.2local1 aBreymeyer, A. I.q(Alicja I.),d1932-1 aNoble, Reginald D.2 aebrary, Inc.40uhttp://site.ebrary.com/lib/rucke/Doc?id=10054985zAn electronic book accessible through the World Wide Web; click to view c165652d165652